00329nam a2200121 a 45000010005000000030005000050050017000100080041000270400020000681000036000882450063001242600020001872077CDMR20130116135224.0130130s1974||||||||||||||||||||||||||||d aCDMRbcatcCDMR1 aMasferrer Andreu, José Miguel13aLa informacióm deportivacJosé Miguel Masferrer Andreu aBarcelonac1974